О тепловом старении полимеров в конструкции кабеля; Электромеханические преобразователи энергии

التفاصيل البيبلوغرافية
Parent link:Электромеханические преобразователи энергии.— 2009.— С. 440-444
المؤلف الرئيسي: Ким В. С. Владимир Сергеевич
مؤلفون آخرون: Анисимова О. А. Ольга Александровна
اللغة:الروسية
منشور في: 2009
الموضوعات:
التنسيق: فصل الكتاب
KOHA link:https://koha.lib.tpu.ru/cgi-bin/koha/opac-detail.pl?biblionumber=196650

MARC

LEADER 00000naa2a2200000 4500
001 196650
005 20231031183158.0
035 |a (RuTPU)RU\TPU\book\214523 
090 |a 196650 
100 |a 20110526d2009 k y0rusy50 ca 
101 0 |a rus 
102 |a RU 
200 1 |a О тепловом старении полимеров в конструкции кабеля  |f В. С. Ким, О. А. Анисимова 
320 |a Библиогр.: 10 назв. 
463 0 |0 (RuTPU)RU\TPU\book\208678  |t Электромеханические преобразователи энергии  |o материалы IV Международной научно-технической конференции, 13-16 октября 2009 г., Томск  |f Российский фонд фундаментальных исследований (РФФИ) ; Томская область, Администрация ; Томский политехнический университет   |v С. 440-444  |d 2009  |p 556 с. 
610 1 |a тепловое старение 
610 1 |a кабели 
610 1 |a полимерные материалы 
610 1 |a оболочки 
610 1 |a разрушение 
610 1 |a броня 
610 1 |a труды учёных ТПУ 
700 1 |a Ким  |b В. С.  |c специалист в области электротехники  |c доцент Томского политехнического университета, кандидат физико-математических наук  |f 1962-  |g Владимир Сергеевич  |2 stltpush  |3 (RuTPU)RU\TPU\pers\25673 
701 1 |a Анисимова  |b О. А.  |c специалист в области электротехники  |c ассистент кафедры электромеханических комплексов и материалов Томского политехнического университета  |f 1984-  |g Ольга Александровна  |2 stltpush  |3 (RuTPU)RU\TPU\pers\25661 
801 1 |a RU  |b 63413507  |c 20110526 
942 |c BK